Comunidades de práctica: aprendizaje, significado e identidad
Guardat en:
| Autor principal: | |
|---|---|
| Format: | Llibre |
| Idioma: | espanyol |
| Publicat: |
Barcelona
Paidós
2001
|
| Edició: | 1a. ed |
| Col·lecció: | Cognición y Desarrollo Humano, 38
|
| Matèries: | |
| Etiquetes: |
Afegir etiqueta
Sense etiquetes, Sigues el primer a etiquetar aquest registre!
|
MARC
| LEADER | 00000cam a2200000 a 4500 | ||
|---|---|---|---|
| 001 | UCF2800 | ||
| 003 | CL-VaPUC | ||
| 008 | 120910e20010000SP |||||||||||||||||spa|d | ||
| 020 | |a 9788449311116 | ||
| 082 | 0 | 4 | |a 153 |b WEN |2 21 |
| 100 | 0 | |a Wenger, Etienne |e author |9 564613 | |
| 245 | 1 | 0 | |a Comunidades de práctica: aprendizaje, significado e identidad |
| 250 | |a 1a. ed | ||
| 300 | |a 348 p | ||
| 942 | |c BK | ||
| 945 | |d 20120910 00:00:00 |a dcastane | ||
| 260 | |a Barcelona |b Paidós |c 2001 | ||
| 650 | 0 | |a Aprendizaje |9 254827 | |
| 650 | 0 | |a Cognición |9 270347 | |
| 650 | 0 | |a Teoría del conocimiento |9 255038 | |
| 650 | 0 | |a Psicología cognitiva |9 306250 | |
| 583 | |a last modification |c 20140123 04:22:03 |k Rodrigo Vera | ||
| 490 | 0 | |a Cognición y Desarrollo Humano, 38 | |
| 999 | |c 349339 |d 349337 | ||
| 952 | |0 0 |1 0 |4 0 |6 153_000000000000000_WEN_2001 |7 0 |8 R |9 451932 |a BIBEDU |b BIBEDU |c MCIRC |d 2019-11-22 |i 4901584 |l 1 |o 153 WEN 2001 |p 4901584 |r 2024-09-02 |s 2024-08-20 |w 2019-11-22 |y BK_R |k PSI | ||